Statistiques concernant De quelle couleur? - Culture générale

Cliquez ici pour prendre le quiz!

Statistiques générales

  • Ce quiz a été pris 2 650 fois
  • Le résultat moyen est 13 sur 20

Statistiques - réponses

HintRéponse% Correct
Le drapeau chinoisRouge
93%
La panthère BagheeraNoir
86%
La ceinture du premier niveau au judoBlanc
83%
"L'aigle" dans une chanson de BarbaraNoir
80%
Le pull de Winnie l'OursonRouge
80%
Le fromage dit "d'Auvergne"Bleu
79%
Il est "Grand" dans l'œuvre de Luc BessonBleu
79%
Le costume de Flash (DC Comics)Rouge
78%
A la roulette, on mise sur le rouge, le vert ou...Noir
77%
Le maillot principal de l'équipe de football brésilienneJaune
65%
«Être __ de rage»Vert
61%
Le nom du plus haut sommet italienBlanc
59%
Le rectangle et logo du magazine National GeographicJaune
59%
Le nom de la mer qui borde Charm el-CheikhRouge
56%
Le triangle sur la manette PlaystationVert
56%
La nuance de couleur dite "pétrole"Bleu
45%
La période de Picasso qui précède la "rose"Bleu
43%
La royauté sur le drapeau françaisBlanc
35%
Le vin typique du JuraJaune
30%
La pierre de malachiteVert
19%

Distribution des résultats

Percentile par nombre de réponses

% des personnes avec chaque résultat

Votre développement - résultats

Vous n’avez pas pris ce quiz